The Emergence of Noopolitik : Toward an American Information Strategy /

שמור ב:
מידע ביבליוגרפי
מחבר ראשי: Arquilla, John (autor)
מחברים אחרים: Ronfeldt, David (autor) (autor)
פורמט: ספר
שפה:אנגלית
יצא לאור: Santa Mónica, EUA : RAND, 1999, c1999
נושאים:
תגים: הוספת תג
אין תגיות, היה/י הראשונ/ה לתייג את הרשומה!

MARC

LEADER 00000nam^a2200000^a^4500
001 000182972
005 20250521000000.0
009 20260310102024.461
020 |a 0-8330-2698-4 
037 |a Acervo ITESO - Biblioteca 
041 |a ING 
082 |a 322. 31  |b ARQ 
100 |a Arquilla, John  |e (autor) 
245 1 4 |a The Emergence of Noopolitik :  |b Toward an American Information Strategy /  |c J. Arquilla, D. Ronfeldt. 
264 4 |a Santa Mónica, EUA :  |b RAND,  |c 1999, c1999 
300 |a XIII, 89 p. 
336 |a texto  |b txt  |2 rdacontenido 
337 |a sin mediación  |b n  |2 rdamedio 
338 |a volumen  |b nc  |2 rdasoporte 
649 |a XX 
650 |a Política de Comunicación -  |z EUA -  |x Historia -  |y 1989-1993 
650 |a Política de Comunicación -  |z EUA -  |x Historia -  |y 1993-2001 
650 |a Política de Comunicación -  |z EUA -  |x Historia -  |y Siglo XX 
650 |a Derecho a la Información -  |z EUA 
650 |a Libertad de Información -  |z EUA 
650 |a Comunicación y Política -  |z EUA 
650 |a Política Exterior -  |z EUA 
650 |a Cooperación Internacional 
650 |a Conflictos Internacionales 
650 |a Política Internacional 
700 |a Ronfeldt, David  |e (autor) 
910 |a Fondo General 
920 |a Impresos - Libros 
930 |a Colección General 
905 |a 101 
901 |a 0500122983  |b IT1  |c ACC  |u 20250521 
902 |a https://opac.biblio.iteso.mx/vufind/Record/000182972